00337pab a2200133 454500008004000000100002200040245002200062260000900084300001300093362001200106650002400118650002900142773003200171180718b2005 xxu||||| |||| 00| 0 eng d aBhagwati, Jagdish aReshaping the WTO c2005 ap.25-30. aJan-Feb aInternational trade aWorld Trade Organization aFar Eastern Economic Review